| 000 | 00724 a2200193 4500 | ||
|---|---|---|---|
| 003 | Nust | ||
| 005 | 20221125093356.0 | ||
| 010 | _a 2009923972 | ||
| 020 | _a9780495827818 (standard) | ||
| 040 | _cNust | ||
| 082 | _a530,ACR | ||
| 100 | 1 | _aSerway, Raymond A. | |
| 245 | 1 | 0 |
_aPhysics for scientists and engineers / _cRaymond A. Serway, John W. Jewett. |
| 250 | _a6th Ed. | ||
| 260 |
_aBoston, MA : _bCengage Wadsworth, _c2009. |
||
| 300 | _a1283p | ||
| 505 | _aPart 1: Mechanics (Page-1), Part 2: Oscillations and Mechanical Waves (Page-451), Part 3: Thermodynamics (Page-579), Part 4: Electrify and Magnetism (Page-705), Part 5: Light and Optics (Page-1093), Modern Physics (Page-1243). | ||
| 942 |
_2ddc _cBK _k530,ACR |
||
| 999 |
_c181271 _d181271 |
||